Europa vs. Europa #7 - Statistiken

Allgemein
  • Dieses Quiz wurde 33 mal gespielt
  • Das Durchschnittsergebnis liegt bei 10 aus 14
Antwortstatistiken
Frage Antwort % Korrekt
...Einwohner? Deutschland🇩🇪
100%
...Bruttoinlandsprodukt? Deutschland🇩🇪
100%
...Fläche? Deutschland🇩🇪
97%
...Tourismus? Deutschland🇩🇪
97%
...Exportmengen? Deutschland🇩🇪
97%
...Gewinner? Deutschland🇩🇪
97%
...Frieden? Deutschland🇩🇪
94%
...HDI (Human Development Index)? Deutschland🇩🇪
87%
...Bruttoinlandsprodukt pro Kopf? Deutschland🇩🇪
84%
...Militär? Israel🇮🇱
71%
...Happy Planet Index? Israel🇮🇱
19%
...durchschnittlicher IQ? Israel🇮🇱
19%
...Gesundheitswesen? Israel🇮🇱
10%
...Lebenserwartung? Israel🇮🇱
10%
Keine übereinstimmenden Quizze gefunden
Verteilung der Resultate
Anzahl Personen mit jedem Resultat
Perzentil nach korrekt beantworteten Fragen
Ihre Resultats-Entwicklung
Sie haben dieses Quiz noch nicht gespielt